| 000 | 00770nam a2200253 a 4500 | ||
|---|---|---|---|
| 999 |
_c6962 _d6962 |
||
| 001 | 2069 | ||
| 003 | BD-DhUAP | ||
| 005 | 20210111145440.0 | ||
| 008 | 200119r19951992nyua 001 0 eng d | ||
| 020 | _a818634098X | ||
| 040 |
_aBD-DhUAP _cBD-DhUAP _dBD-DhUAP _bEng |
||
| 082 | 0 | 0 |
_a005.26 KAU _223 |
| 100 | _aKauler, Barry. | ||
| 245 |
_aPC architecture and assembly language / _cBarry Kauler. |
||
| 250 | _a3rd ed. | ||
| 260 |
_aNew Delhi : _bGalgotia, _cc1995. |
||
| 300 |
_a390 pages : _billustrations ; _c25 cm. |
||
| 504 | _aIncludes bibliographical references and indexes. | ||
| 650 | _aComputer architecture. | ||
| 650 | _aAssembly languages (Electronic computers). | ||
| 942 |
_2ddc _cBK |
||